Tableau perpétuel des médailles olympiques - Sports de raquette - Statistiques

Statistiques générales
  • Ce quiz a été pris 220 fois
  • Le résultat moyen est 14 sur 20
Statistiques - réponses
Pays O A B Total % Correct
États-Unis 22 6 12 40
100%
France 5 7 9 21
100%
Chine 53 32 24 109
99%
Japon 2 6 7 15
97%
Espagne 4 7 4 15
96%
Allemagne 3 10 7 20
92%
Grande Bretagne 17 16 15 48
91%
Russie 4 5 3 12
90%
Corée du Sud 9 10 19 38
84%
Australie 1 1 4 6
78%
Suisse 3 3 0 6
75%
Suède 1 4 6 11
74%
Indonésie 8 6 7 21
55%
Danemark 2 4 5 11
50%
Tchécoslovaquie 1 1 2 4
46%
Tchéquie 1 3 4 8
40%
Taïwan 1 2 2 5
37%
Croatie 1 1 3 5
29%
Afrique du Sud 3 2 1 6
27%
Chili 2 1 1 4
18%
Aucun quiz correspondant
Distribution des résultats
% des personnes avec chaque résultat
Percentile par nombre de réponses
Votre historique - résultats
Vous n’avez pas pris ce quiz